01349nam a2200301 a 450000100100000000500170001000800410002702000150006804000250008308200200010824500960012826000350022430000210025950000450028050000730032550400320039850502520043065000160068265100610069865000600075965000660081965000320088570000190091770000170093670000200095370000180097371000560099100002247820251120073732.0101012s1995 dr 000 0 spa d a848954803X aDO-SdBNPbspacBNPHU a320.97293bE79s00aEstado de situación de la democracia dominicana (1978-1992) /cRamonina Brea... [et.al.]. aSanto Domingo :bPUCMM,c1995. a251 p. ;c24 cm. aIncluye índice de cuadros y gráficos aIncluye referencias bibliográficas y notas al pie de las páginas aBibliografía : p. 237-2430 aLa democracia dominicana en los últimos quince años -- Los partidos políticos y los procesos políticos -- La participación política: desafíos y diferencias -- La cultura política -- Las elecciones en la encrucijada de la democracia 0aDemocracia  4aRepública DominicanaxPolítica Y Gobiernoy1978-1992 4aPartidos políticoszRepública Dominicanay1978-1992 4aParticipación políticazRepública Dominicanay1978-1992 4aCultura politicay1978-199212aBrea, Ramonina12aDuarte, Isis12aTejada, Ramón12aBáez, Clara2 aPontificia Universidad Católica Madre y Maestra